LEADER 00999nam a2200253 i 4500 001 000000199631 003 CaOOAMICUS 005 20110325000000.0 008 110325s2010 it u000 u ita u 013 $a178323 020 $a978-88-10-80244-1 040 $aSeMil$bita 245 10$aDialoghi locali :$b2002-2005 /$ca cura di Giovanni Cereti e James F. Puglisi. 300 $aXXIX, 1309, 89 p. 490 0 $aStrumenti 700 1 $aPuglisi, James F.$0(OLS)http://semarc/name/21772 700 1 $aCereti, Giovanni,$d<1933- >.$0(OLS)http://semarc/name/17036 773 0 $tEnchiridion Oecumenicum.$dBologna : EDB, 1986.$g10$w()785 830 0$aStrumenti.$0(OLS)http://semarc/title/6054 850 $aSeMil 852 $aSeMil$W1$xVenegono$y1$mSL1.X IV 40$j150172$B150172$CSeMilBibl$Z2$F161524 $8I 961 $aSottoscrizione: Cittą Nuova (Agente) 996 $6020$a978-88-10-80244-1$9(OLS)http://semarc/number/192024 996 $6245$aDialoghi locali :$b2002-2005$9(OLS)http://semarc/title/288622 LEADER 01474nam a2200325 i 4500 001 000000159191 003 CaOOAMICUS 005 20070327000000.0 008 070327s1991 it u000 u ita u 013 $a136554 020 $a88-16-30204-6 040 $aSeMil$bita 100 1 $aSchlier, Heinrich,$d<1900-1978>.$0(OLS)http://semarc/name/62 240 14$aDas Ostergeheimnis, Die Markuspassion.$0(OLS)http://semarc/title/141014 245 13$aIl mistero pasquale e la Passione secondo Marco /$cHeinrich Schlier ; [traduzione di Luigi Geninazzi e Gianni Poletti]. 250 $a2. ed. 260 $aMilano :$bJaca Book,$c1991. 300 $a150 p. ;$c23 cm. 490 0 $aGią e non ancora [Jaca Book] 650 4$aGesł Cristo - Passione.$0(OLS)http://semarc/subject/2379 650 4$aBibbia. Nuovo Testamento. Vangelo secondo Marco, 14-16.$0(OLS)http://semarc/subject/9659 700 1 $aPoletti, Gianni.$0(OLS)http://semarc/name/16312 700 1 $aGeninazzi, Luigi,$d<1947- >.$0(OLS)http://semarc/name/20071 830 0$aGią e non ancora ;$v204.$0(OLS)http://semarc/title/5902 850 $aSeMil 852 $aSeMil$W1$xVenegono$y1$m2V III 203$j110749$B110749$CSeMilBibl$Z2$F122275 $81 961 $aOmaggio: Altro 996 $6020$a88-16-30204-6$9(OLS)http://semarc/number/74719 996 $6245$aIl mistero pasquale e la Passione secondo Marco$9(OLS)http://semarc/title/141013 996 $6260$aMilano :$bJaca Book$9(OLS)http://semarc/publisher/29781